Richard Guns : giochi tra uomini : romanzo erotico /

সংরক্ষণ করুন:
গ্রন্থ-পঞ্জীর বিবরন
প্রধান লেখক: Virgo, Johnny P. (লেখক)
বিন্যাস: গ্রন্থ
ভাষা:ইতালিয়
প্রকাশিত: Roma : Croce Libreria, stampa 2002
মালা:Hammam
ট্যাগগুলো: ট্যাগ যুক্ত করুন
কোনো ট্যাগ নেই, প্রথমজন হিসাবে ট্যাগ করুন!

MARC

LEADER 00000nam a22000007i 4500
001 IT\ICCU\MOD\0740172
003 ItRI
005 20250902102309.0
008 020723s2002 it |||||| ||||| |||||c
020 |a 8887323615 
040 |b ita  |c ct 
041 7 |a ita  |2 ISO-639-2 
100 1 |a Virgo, Johnny P.  |0 IT\ICCU\MODV\239715  |4 aut 
245 1 0 |a Richard Guns :  |b giochi tra uomini : romanzo erotico /  |c Johnny P. Virgo. 
260 |a Roma :  |b Croce Libreria,  |c stampa 2002 
300 |a 111 p. ;  |c 21 cm. 
830 0 |a Hammam  |0 IT\ICCU\MOD\0740176 
942 |2 ddc  |c BK 
952 |0 0  |1 0  |2 ddc  |4 0  |6 B_LNR02VIRJORIC11  |7 0  |9 5386  |a MI  |b MI  |d 2005-09-02  |i 4667  |l 0  |o B-LNR02-VIRJO-RIC11  |p CDOM4667  |r 2025-07-13 16:27:00  |w 2025-07-13  |x ACQUISTO  |y BK 
981 1 |6 z01  |a i   |b xxxe  
982 1 |6 z01  |a n 
999 |c 4294  |d 4294